[Event "TCh-ESP Div 1 2015"]
[Site "Linares ESP"]
[Date "2015.08.14"]
[Round "7.1"]
[Board "3"]
[White "Castellanos Rodriguez, Renier"]
[Black "Aquino, Jose Rodolfo"]
[Result "1-0"]
[WhiteTitle "IM"]
[WhiteElo "2468"]
[BlackElo "2180"]
[WhiteTeam "Equigoma-Casa Social Católica"]
[BlackTeam "C.A. Silla-López Instalaciones"]
[WhiteFideId "3404650"]
[BlackFideId "2287048"]
[EventDate "2015.08.08"]

1. Nf3 Nf6 2. c4 c5 3. Nc3 Nc6 4. d4 cxd4 5. Nxd4 g6 6. e4 d6 7. Be2 Bg7 8. Be3
O-O 9. O-O Nxd4 10. Bxd4 Be6 11. f4 Qc8 12. Qd3 Bg4 13. Rae1 Bxe2 14. Rxe2 Ng4
15. Nd5 Bxd4+ 16. Qxd4 Qd7 17. h3 Nh6 18. f5 f6 19. Qd2 g5 20. e5 Rae8 21. exf6
exf6 22. Rxe8 Qxe8 23. Re1 Qd8 24. Qf2 b6 25. Re6 Kg7 26. b3 Qc8 27. g4 Qc6 28.
Qe3 Ng8 29. a4 Rf7 30. Kg2 h6 31. Kg3 Kf8 32. h4 Qc5 33. Qxc5 dxc5 34. h5 Kg7
35. Kf3 Rb7 36. Ke4 Kf7 37. Kd3 Rb8 38. Rc6 Rb7 39. Kc3 Kg7 40. a5 Ne7 41. Re6
Nxd5+ 42. cxd5 bxa5 43. d6 Rb4 44. d7 Rd4 45. Re7+ 1-0

[Event "TCh-ESP Div 1 2015"]
[Site "Linares ESP"]
[Date "2015.08.14"]
[Round "7.1"]
[Board "4"]
[White "Zaragoza Montesinos, Ignasi"]
[Black "Sgircea, Silvia-Raluca"]
[Result "1/2-1/2"]
[BlackTitle "WIM"]
[WhiteElo "1972"]
[BlackElo "2236"]
[WhiteTeam "C.A. Silla-López Instalaciones"]
[BlackTeam "Equigoma-Casa Social Católica"]
[WhiteFideId "2281554"]
[BlackFideId "1213776"]
[EventDate "2015.08.08"]

1. e4 c5 2. Nf3 Nc6 3. d4 cxd4 4. Nxd4 g6 5. c4 Nf6 6. Nc3 d6 7. f3 Nxd4 8. Qxd4
Bg7 9. Be3 O-O 10. Qd2 Bd7 11. Be2 Bc6 12. O-O a5 13. b3 Nd7 14. Rad1 Nc5 15.
Nd5 Re8 16. Rfe1 e6 17. Nf4 Bf8 18. Bf1 Qc7 19. Qf2 Rad8 20. Nd3 b6 21. Qg3 Bg7
22. h4 Qe7 23. Bg5 Bf6 24. Rd2 h6 25. Bxf6 Qxf6 26. Nf2 Qe7 27. Red1 e5 28. Ng4
Kh7 29. Ne3 Ne6 30. Qf2 Rf8 31. Nd5 Bxd5 32. cxd5 Nd4 33. Rc1 Rc8 34. Rc4 b5 35.
Rxc8 Rxc8 36. Rxd4 exd4 37. Bxb5 Rc1+ 38. Kh2 Qe5+ 39. g3 Rc3 40. Qe2 Re3 41.
Qf2 f5 42. Bc4 Kg7 43. exf5 Qxf5 44. Kg2 Qb1 45. Qd2 Qa1 46. Qxa5 Qb2+ 47. Kh3
Rxf3 48. Qc7+ Rf7 49. Qxd6 Qf2 50. Bd3 Rf6 51. Qe7+ Rf7 52. Qd6 Rf6 1/2-1/2

[Event "TCh-ESP Div 1 2015"]
[Site "Linares ESP"]
[Date "2015.08.14"]
[Round "7.2"]
[Board "1"]
[White "Pena Gomez, Manuel"]
[Black "Vassallo Barroche, Mauricio"]
[Result "0-1"]
[WhiteTitle "IM"]
[BlackTitle "IM"]
[WhiteElo "2462"]
[BlackElo "2430"]
[WhiteTeam "C.A. Universidad de Vigo"]
[BlackTeam "C.E. Barberá"]
[WhiteFideId "2252813"]
[BlackFideId "101648"]
[EventDate "2015.08.08"]

1. g3 g6 2. Bg2 Bg7 3. c4 Nf6 4. Nc3 O-O 5. e3 d6 6. Nge2 e5 7. O-O Re8 8. d4
Nbd7 9. h3 h5 10. Kh2 e4 11. b4 Nf8 12. a4 Bf5 13. b5 N8h7 14. a5 a6 15. bxa6
bxa6 16. Bd2 Ng5 17. Nf4 c5 18. Ra3 Rc8 19. dxc5 dxc5 20. Ncd5 Nxd5 21. cxd5 Bd7
22. Qc2 Bb5 23. Rd1 h4 24. gxh4 Nh7 25. Bc3 Qxh4 26. Bxg7 Kxg7 27. Bxe4 Nf6 28.
Bxg6 fxg6 29. Rg1 Ne4 30. Rxg6+ Kf7 31. Ra2 Bd7 32. Rxa6 Bxh3 33. Ra7+ Bd7+ 34.
Kg2 Qg4+ 35. Kf1 Rb8 36. d6 Kf6 37. Rb2 Rh8 38. Nd5+ Kg6 39. Nf4+ Kf5 0-1

[Event "TCh-ESP Div 1 2015"]
[Site "Linares ESP"]
[Date "2015.08.14"]
[Round "7.2"]
[Board "2"]
[White "Alonso Moyano, Jonathan"]
[Black "Garcia Castro, Pablo"]
[Result "1/2-1/2"]
[WhiteTitle "IM"]
[BlackTitle "IM"]
[WhiteElo "2406"]
[BlackElo "2375"]
[WhiteTeam "C.E. Barberá"]
[BlackTeam "C.A. Universidad de Vigo"]
[WhiteFideId "2216019"]
[BlackFideId "2209365"]
[EventDate "2015.08.08"]

1. e4 c5 2. Nc3 e6 3. g3 Nc6 4. Bg2 g6 5. Nge2 Bg7 6. O-O Nge7 7. d3 O-O 8. Be3
Nd4 9. Qd2 d6 10. Nc1 e5 11. f4 f5 12. Nd5 Rb8 13. c3 Ndc6 14. fxe5 Nxd5 15.
exd5 Nxe5 16. Ne2 b5 17. Nf4 Qf6 18. h3 b4 19. c4 Nf7 20. d4 cxd4 21. Bf2 Re8
22. Rfe1 Bd7 23. Rxe8+ Rxe8 24. Qxb4 Ng5 25. Qb7 Re7 26. Qb8+ Kf7 27. c5 dxc5
28. d6 Re8 29. Qc7 Qd8 30. Bd5+ Kf8 31. Qxc5 Qb6 32. Qxb6 axb6 33. Rd1 Ne4 34.
Bxd4 Bxd4+ 35. Rxd4 Nxg3 36. Kf2 Ne4+ 37. Bxe4 1/2-1/2

[Event "TCh-ESP Div 1 2015"]
[Site "Linares ESP"]
[Date "2015.08.14"]
[Round "7.2"]
[Board "3"]
[White "Senlle Caride, Miguel"]
[Black "Perez Manas, Benjamin"]
[Result "1/2-1/2"]
[WhiteTitle "FM"]
[BlackTitle "FM"]
[WhiteElo "2320"]
[BlackElo "2321"]
[WhiteTeam "C.A. Universidad de Vigo"]
[BlackTeam "C.E. Barberá"]
[WhiteFideId "2282500"]
[BlackFideId "22200169"]
[EventDate "2015.08.08"]

1. Nf3 f5 2. d3 d5 3. c4 e6 4. g3 Nf6 5. Bg2 Bd6 6. O-O O-O 7. Nc3 dxc4 8. dxc4
Nc6 9. Nb5 e5 10. Nxd6 cxd6 11. b3 a5 12. Ba3 Nb4 13. Bxb4 axb4 14. Qd2 Qb6 15.
Ne1 Ne4 16. Bxe4 fxe4 17. Qd5+ Kh8 18. Qxe4 Bh3 19. Ng2 Rf6 20. Qe3 Qxe3 21.
fxe3 Rxf1+ 22. Kxf1 Kg8 23. Kg1 Bxg2 24. Kxg2 Kf7 25. Rd1 Rxa2 26. Rxd6 Rb2 27.
Kf3 Rxb3 28. Rd7+ Kf6 29. Rxb7 Rb1 30. Rb6+ Kf5 31. e4+ Kg5 32. h4+ Kh5 33. Re6
b3 34. Rxe5+ Kg6 35. Rb5 b2 36. Ke3 Kf6 37. c5 Ke5 38. Rb7 h5 39. Re7+ Kf6 40.
Rb7 Ke5 41. Rb6 g6 42. Rb8 Ke6 43. Rb7 Kf6 44. c6 Ke6 45. Kd2 Kd6 46. Kc2 Rg1
47. c7 Kd7 48. Rb3 b1=Q+ 49. Rxb1 Rxg3 50. Rd1+ Kxc7 51. Rd5 1/2-1/2

[Event "TCh-ESP Div 1 2015"]
[Site "Linares ESP"]
[Date "2015.08.14"]
[Round "7.2"]
[Board "4"]
[White "Martinez Ramirez, Erik"]
[Black "Leiros Vila, Avelino"]
[Result "1-0"]
[WhiteTitle "FM"]
[WhiteElo "2311"]
[BlackElo "2156"]
[WhiteTeam "C.E. Barberá"]
[BlackTeam "C.A. Universidad de Vigo"]
[WhiteFideId "22202366"]
[BlackFideId "2217309"]
[EventDate "2015.08.08"]

1. e4 c5 2. Nf3 Nc6 3. d4 cxd4 4. Nxd4 Nf6 5. Nc3 d6 6. Be3 Ng4 7. Bb5 Nxe3 8.
fxe3 Bd7 9. O-O Ne5 10. Nf3 Bxb5 11. Nxb5 a6 12. Nxe5 dxe5 13. Qh5 g6 14. Qxe5
axb5 15. Qxh8 Qb6 16. Qd4 Qc6 17. Rad1 f6 18. Qd5 Ra4 19. e5 f5 20. e6 Qxd5 21.
Rxd5 Re4 22. Rxb5 Rxe6 23. Rxb7 Bh6 24. Kf2 Bxe3+ 25. Kf3 Bc5 26. b4 Re3+ 27.
Kf2 Bd4 28. Rd1 e5 29. a4 Rc3+ 30. Rxd4 exd4 31. a5 Rxc2+ 32. Kf3 Ra2 33. Rxh7
g5 34. Rg7 g4+ 35. Kf4 Rf2+ 36. Ke5 d3 37. a6 Ra2 38. b5 Kd8 39. Kd6 Ke8 40. Ke6
Re2+ 41. Kxf5 Ra2 42. b6 Rxa6 43. b7 1-0

[Event "TCh-ESP Div 1 2015"]
[Site "Linares ESP"]
[Date "2015.08.14"]
[Round "7.3"]
[Board "1"]
[White "Adla, Diego"]
[Black "Montoliu Cervero, Francisco"]
[Result "1-0"]
[WhiteTitle "IM"]
[BlackTitle "FM"]
[WhiteElo "2437"]
[BlackElo "2338"]
[WhiteTeam "C.A. Stadium Casablanca"]
[BlackTeam "C.A. Eva-Manises"]
[WhiteFideId "100072"]
[BlackFideId "2214814"]
[EventDate "2015.08.08"]

1. Nf3 d5 2. c4 e6 3. e3 dxc4 4. Bxc4 Nf6 5. O-O a6 6. d4 b5 7. Be2 Bb7 8. b3
Nbd7 9. Bb2 c5 10. Nbd2 Be7 11. Rc1 Rc8 12. Rc2 O-O 13. Qa1 Re8 14. Rfc1 Bf8 15.
dxc5 Rxc5 16. Bd4 Rxc2 17. Rxc2 Ne4 18. Qc1 Bd6 19. h3 Bd5 20. Bd3 Nxd2 21. Nxd2
e5 22. Bb2 e4 23. Be2 Ne5 24. Bxe5 Bxe5 25. a4 bxa4 26. bxa4 Bb7 27. Nb3 Bd5 28.
Nc5 a5 29. Rd2 Qa8 30. Nd7 Qc6 31. Qd1 Qxd7 32. Bb5 Qe7 33. Bxe8 Be6 34. Bc6 g6
35. Bxe4 Qb4 36. Bd5 Bf5 37. Bb3 Kg7 38. Rd5 Bf6 39. Rb5 Qe4 40. Rxa5 Bc8 41.
Bd5 Qe7 42. Ra8 Bf5 43. Rb8 Qd6 44. Rb7 Be6 45. e4 Bd8 46. g3 Bb6 47. Kg2 Kh6
48. Qc1+ g5 49. Qc6 1-0

[Event "TCh-ESP Div 1 2015"]
[Site "Linares ESP"]
[Date "2015.08.14"]
[Round "7.3"]
[Board "2"]
[White "Silva Rodriguez, Fernando"]
[Black "Glavina, Pablo"]
[Result "0-1"]
[BlackTitle "IM"]
[WhiteElo "2305"]
[BlackElo "2387"]
[WhiteTeam "C.A. Eva-Manises"]
[BlackTeam "C.A. Stadium Casablanca"]
[WhiteFideId "2215268"]
[BlackFideId "100234"]
[EventDate "2015.08.08"]

1. d4 Nf6 2. c4 c5 3. d5 e6 4. Nc3 exd5 5. cxd5 d6 6. Nf3 g6 7. Nd2 Nbd7 8. e4
Bg7 9. Be2 O-O 10. O-O Re8 11. a4 a6 12. Qc2 Rb8 13. h3 Qc7 14. Re1 c4 15. Bxc4
b5 16. axb5 axb5 17. Bd3 b4 18. Ne2 Qxc2 19. Bxc2 Nc5 20. Nc4 b3 21. Bb1 Nfxe4
22. Bxe4 Nxe4 23. Ng3 Nf6 24. Bf4 Bb7 25. Bxd6 Rbd8 26. Ba3 Bxd5 27. Ne3 Be6 28.
Rad1 h5 29. Ne2 Nd5 30. Nc4 Nc3 31. Rxd8 Nxe2+ 32. Rxe2 Rxd8 33. Nd6 Bf8 34. Rd2
Bf5 35. Kf1 Bc2 36. Ke2 Ra8 37. Nc4 Re8+ 38. Kf3 Bg7 39. Ne3 Be4+ 40. Ke2 Bxg2
41. Rd3 Bxh3 42. Rxb3 Be6 43. Rb7 Be5 44. Be7 Bc8 45. Ra7 Bd4 46. Rc7 Be5 47.
Ra7 Kg7 48. b4 Bb8 49. Ra8 Bb7 50. Rxb8 Rxb8 51. Bd6 Re8 52. b5 Re6 53. Bc7 h4
54. Kf1 h3 55. Kg1 Re4 56. Kh2 Rb4 57. b6 Bc8 58. Nd5 Rb5 59. Nf4 Rb3 60. Nd5 f6
61. Ne7 Bb7 62. Bd8 Kf7 63. Kg1 Rd3 0-1

[Event "TCh-ESP Div 1 2015"]
[Site "Linares ESP"]
[Date "2015.08.14"]
[Round "7.3"]
[Board "3"]
[White "Quintin Navarro, Alberto"]
[Black "Silva Rodriguez, Julio"]
[Result "1/2-1/2"]
[WhiteTitle "FM"]
[WhiteElo "2363"]
[BlackElo "2235"]
[WhiteTeam "C.A. Stadium Casablanca"]
[BlackTeam "C.A. Eva-Manises"]
[WhiteFideId "2292688"]
[BlackFideId "2215284"]
[EventDate "2015.08.08"]

1. Nf3 Nf6 2. c4 e6 3. g3 d5 4. d4 Bb4+ 5. Bd2 Be7 6. Bg2 c6 7. Qc2 Nbd7 8. O-O
b6 9. Bf4 O-O 10. Rd1 Ba6 11. b3 Rc8 12. Nc3 c5 13. dxc5 Bxc5 14. Qb2 Bb4 15. a3
Bxc3 16. Qxc3 b5 17. Ne5 bxc4 18. Nxd7 Nxd7 19. e4 cxb3 20. Qxb3 Bc4 21. Qb2 Qb6
22. Qb4 e5 23. Bg5 d4 24. Qe7 Qe6 25. Rab1 f6 26. Qxe6+ Bxe6 27. Bd2 Nb6 28. f4
Rf7 29. Rdc1 Rfc7 30. Rxc7 Rxc7 31. Ba5 Rc6 32. Bf1 g6 33. Bb5 Rc5 34. Be1 f5
35. Bd3 fxe4 36. Bxe4 exf4 37. gxf4 Bf5 38. Bxf5 Rxf5 39. Bf2 Rd5 40. Rd1 d3 41.
Bxb6 axb6 42. Kf2 d2 43. Ke3 Ra5 44. Kxd2 Rxa3 45. Rb1 Ra2+ 46. Ke3 Rxh2 47.
Rxb6 Kf7 48. Kf3 Rh3+ 49. Kg4 Re3 50. Rb7+ Re7 51. Rxe7+ Kxe7 52. f5 Kf6 53.
fxg6 hxg6 54. Kf4 g5+ 55. Kg4 Kg6 56. Kg3 Kf5 57. Kf3 Ke5 1/2-1/2

[Event "TCh-ESP Div 1 2015"]
[Site "Linares ESP"]
[Date "2015.08.14"]
[Round "7.3"]
[Board "4"]
[White "Ballester Llagaria, Luis Eduardo"]
[Black "Moreno Gracia, Daniel"]
[Result "0-1"]
[BlackTitle "FM"]
[WhiteElo "2258"]
[BlackElo "2337"]
[WhiteTeam "C.A. Eva-Manises"]
[BlackTeam "C.A. Stadium Casablanca"]
[WhiteFideId "2297620"]
[BlackFideId "2262266"]
[EventDate "2015.08.08"]

1. e4 e5 2. Nf3 Nc6 3. Bc4 Nf6 4. d3 h6 5. c3 d6 6. Bb3 g6 7. Nbd2 Bg7 8. h3 O-O
9. Nf1 d5 10. Qe2 Be6 11. Bc2 Nh5 12. g3 Qd7 13. Nh4 Bxh3 14. Ne3 d4 15. Nhf5
dxe3 16. Rxh3 Nf6 17. Nxh6+ Bxh6 18. Rxh6 exf2+ 19. Qxf2 Ng4 20. Qf3 Nxh6 21.
Bxh6 Qh3 22. Bxf8 Rxf8 23. O-O-O Qh6+ 24. Kb1 Kg7 25. Bb3 Qg5 26. Rh1 Ne7 27.
Rf1 Ng8 28. a3 b6 29. Ka2 Nf6 30. d4 Rh8 31. Qd3 Re8 32. Qc4 Re7 33. g4 exd4 34.
cxd4 b5 35. Qc6 Nxe4 36. Re1 Nd6 37. Rg1 a5 38. Qc3 a4 39. Bc2 Qe3 40. Rg3 Qxc3
41. Rxc3 f5 42. g5 Nf7 43. Rg3 Rd7 44. Bd3 c6 45. b3 axb3+ 46. Kxb3 Rxd4 47. Kc3
Ra4 48. Kb3 Ne5 49. Re3 Nxd3 50. Rxd3 Rg4 51. Rd7+ Kf8 52. Rd6 Rxg5 53. Rxc6 f4
54. Rf6+ Ke7 55. Rxf4 Rd5 56. Kc3 g5 57. Rf1 Ke6 0-1

[Event "TCh-ESP Div 1 2015"]
[Site "Linares ESP"]
[Date "2015.08.14"]
[Round "7.4"]
[Board "1"]
[White "Baklan, Vladimir"]
[Black "Alshameary Puente, Ismael"]
[Result "1-0"]
[WhiteTitle "GM"]
[BlackTitle "FM"]
[WhiteElo "2608"]
[BlackElo "2370"]
[WhiteTeam "C.A. Jaime Casas"]
[BlackTeam "C.A. Alekhine-Espartinas"]
[WhiteFideId "14102196"]
[BlackFideId "2225166"]
[EventDate "2015.08.08"]

1. e4 c5 2. Nf3 d6 3. d4 cxd4 4. Nxd4 Nf6 5. Nc3 a6 6. Be3 e5 7. Nf3 Be7 8. Bc4
O-O 9. O-O Be6 10. Bb3 Nc6 11. Qd3 Qc7 12. Rfd1 Rac8 13. Bg5 Rfd8 14. Bxf6 Bxf6
15. Nd5 Bxd5 16. Qxd5 Nd4 17. Nxd4 exd4 18. Qf5 Qe7 19. g3 Rc5 20. Qf3 Qd7 21.
Rd3 Re8 22. Rd2 Qc6 23. Bd5 Qc7 24. Qd3 Rc8 25. Bb3 h5 26. f4 Qd7 27. Rf1 a5 28.
a3 a4 29. Bd5 Rb5 30. b3 axb3 31. cxb3 Rbc5 32. Qe2 h4 33. g4 Rc1 34. g5 Qh3 35.
Rd3 Rxf1+ 36. Qxf1 Qg4+ 37. Kh1 Bd8 38. h3 Qh5 39. Qd1 Qxd1+ 40. Rxd1 Rc3 41.
Rxd4 Rxh3+ 42. Kg2 Rg3+ 43. Kh2 Bb6 44. Rc4 Bg1+ 45. Kh1 Be3 46. Rc7 Rg1+ 47.
Kh2 Rd1 48. g6 Bxf4+ 49. Kg2 Rc1 50. Rxf7 1-0

[Event "TCh-ESP Div 1 2015"]
[Site "Linares ESP"]
[Date "2015.08.14"]
[Round "7.4"]
[Board "2"]
[White "Santos Ruiz, Miguel"]
[Black "Forcen Esteban, Daniel"]
[Result "1/2-1/2"]
[WhiteTitle "FM"]
[BlackTitle "IM"]
[WhiteElo "2341"]
[BlackElo "2543"]
[WhiteTeam "C.A. Alekhine-Espartinas"]
[BlackTeam "C.A. Jaime Casas"]
[WhiteFideId "22291482"]
[BlackFideId "2288230"]
[EventDate "2015.08.08"]

1. e4 c5 2. Nf3 e6 3. d4 cxd4 4. Nxd4 Nc6 5. Nc3 d6 6. Be3 Nf6 7. f3 Be7 8. Qd2
O-O 9. O-O-O a6 10. g4 Nd7 11. g5 Nde5 12. f4 Nxd4 13. Qxd4 Ng4 14. h4 Nxe3 15.
Qxe3 b5 16. Bd3 Bb7 17. Rhg1 b4 18. Ne2 Qa5 19. Kb1 d5 20. e5 Bc5 21. Qf3 Bxg1
22. Rxg1 Qc5 23. Qh5 g6 24. Qf3 a5 25. h5 Ba6 26. Qh3 Bxd3 27. cxd3 Rfe8 28. Rc1
Qb6 29. Rh1 Ra7 30. f5 exf5 31. d4 Rc7 32. Qd3 Rec8 33. Nf4 Qc6 34. Qd2 Kg7 35.
b3 a4 36. hxg6 fxg6 37. bxa4 Kg8 38. Qg2 Rd8 39. e6 Qc4 40. Qb2 Qa6 41. Re1 Re7
42. Qb3 Kg7 43. Qe3 Qd6 44. Rh1 Kg8 1/2-1/2

[Event "TCh-ESP Div 1 2015"]
[Site "Linares ESP"]
[Date "2015.08.14"]
[Round "7.4"]
[Board "3"]
[White "Antoli Royo, Joaquin Miguel"]
[Black "Gutierrez Valero, Mario"]
[Result "1-0"]
[WhiteTitle "IM"]
[WhiteElo "2440"]
[BlackElo "2271"]
[WhiteTeam "C.A. Jaime Casas"]
[BlackTeam "C.A. Alekhine-Espartinas"]
[WhiteFideId "2259532"]
[BlackFideId "2243695"]
[EventDate "2015.08.08"]

1. e4 c5 2. Nf3 Nc6 3. c3 d5 4. exd5 Qxd5 5. d4 Bg4 6. Be2 cxd4 7. cxd4 e6 8.
Nc3 Bb4 9. O-O Qa5 10. a3 Bxc3 11. bxc3 Nge7 12. Rb1 Qc7 13. Qb3 b6 14. Qb5 O-O
15. Qg5 Bxf3 16. Bxf3 Rac8 17. Re1 Rfd8 18. Be4 Nd5 19. Bd2 Qd6 20. Qh4 f5 21.
Bd3 Na5 22. Ba6 Rb8 23. c4 Nc7 24. d5 e5 25. Bb5 Nxb5 26. Rxb5 Nb7 27. Bb4 Qc7
28. Bc3 Re8 29. Rbb1 Nc5 30. Rbd1 Ne4 31. d6 Qd7 32. Ba1 Rbd8 33. f3 Nxd6 34.
Rxe5 Qc7 35. Qg3 g6 36. Rxd6 1-0

[Event "TCh-ESP Div 1 2015"]
[Site "Linares ESP"]
[Date "2015.08.14"]
[Round "7.4"]
[Board "4"]
[White "Perez Garcia, Roberto"]
[Black "Garza Marco, Sergio"]
[Result "0-1"]
[BlackTitle "IM"]
[WhiteElo "2128"]
[BlackElo "2390"]
[WhiteTeam "C.A. Alekhine-Espartinas"]
[BlackTeam "C.A. Jaime Casas"]
[WhiteFideId "2217708"]
[BlackFideId "2210177"]
[EventDate "2015.08.08"]

1. d4 f5 2. Nf3 Nf6 3. g3 g6 4. Bg2 Bg7 5. O-O O-O 6. b3 d6 7. Bb2 c6 8. c4 a5
9. Nbd2 Na6 10. a3 e5 11. dxe5 Ng4 12. Qc1 Nxe5 13. Nxe5 dxe5 14. Bc3 Nc5 15.
Qb2 Qc7 16. Rad1 Re8 17. Nf3 Ne4 18. Be1 Be6 19. Qc2 Qf7 20. Rc1 Qe7 21. a4 Qc7
22. Nd2 Nc5 23. Nf3 e4 24. Ng5 Bd7 25. Bc3 Bxc3 26. Qxc3 Qe5 27. h4 Qxc3 28.
Rxc3 Rad8 29. Nh3 Bc8 30. Nf4 Rd2 31. Rb1 Kf7 32. Bf1 Red8 33. Rcc1 h6 34. e3 g5
35. hxg5 hxg5 36. Ne2 Nd3 37. Rd1 Ne5 38. Nc3 Nf3+ 39. Kg2 Rxd1 40. Rxd1 Rxd1
41. Nxd1 Nd2 42. Nc3 Kf6 43. Be2 Nxb3 44. g4 Ke5 45. gxf5 Bxf5 46. Kg3 Nd2 47.
Bd1 Nxc4 48. Be2 Nd6 0-1